000 00766nam a2200229 i 4500
001 bg
100 1 _aWRÓBLEWSKI, Andrzej Kajetan
245 1 0 _aHistoria fizyki :
_bod czasów najdawniejszych do współczesności /
_cAndrzej Kajetan Wróblewski.
260 _aWarszawa :
_bWydawnictwo Naukowe PWN,
_c2006.
300 _a619, [1] s. :
_bil. (w tym kolor.) ;
_c26 cm.
504 _aBibliogr. - Indeksy.
650 9 _aFizyka
_xhistoria
655 _aPodręczniki akademickie
020 _a9788301146351
040 _cBPK
041 0 _apol
080 _a53(091)(075.8)
920 _a978-83-01-14635-1
942 _cKS
008 s pl f |000 0 pol
999 _c52508
_d52508
856 _uhttp://koha.tu.koszalin.pl/cgi-bin/koha/opac-detail.pl?biblionumber=52508
_yKatalog online BPK